[Event "EU-ch Hybrid U18 Girls"]
[Site "Tornelo INT"]
[Date "2021.10.15"]
[Round "1"]
[White "Pogorelskikh, Sofia"]
[Black "Koksa, Jelena"]
[Result "1-0"]
[WhiteElo "2051"]
[BlackElo "1835"]
[PlyCount "111"]
[EventDate "2021.10.15"]
[EventType "swiss"]
[EventRounds "9"]
[EventCountry "NET"]
[SourceTitle "EXT 2023"]
[Source "ChessBase"]
[SourceDate "2022.10.05"]
[SourceVersion "1"]
[SourceVersionDate "2022.10.05"]
[SourceQuality "1"]
[WhiteTeam "Russia"]
[BlackTeam "Croatia"]
[WhiteTeamCountry "RUS"]
[BlackTeamCountry "CRO"]

1. e4 e5 2. Nf3 Nc6 3. Bb5 Bc5 4. c3 Nf6 5. d4 exd4 6. e5 Ne4 7. 0-0 Be7 8. cxd4 d5 9. Nc3 Bf5 10. Be3 0-0 11. Nxe4 Bxe4 12. Nd2 Bf5 13. g4 Bd7 14. Be2 f5 15. f4 Qc8 16. Bf3 fxg4 17. Bxd5+ Kh8 18. Bg2 Bf5 19. Ne4 Nb4 20. Bd2 c6 21. Bxb4 Bxb4 22. a3 Be7 23. Qe2 Be6 24. Nc3 g5 25. fxg5 Bxg5 26. Ne4 Rxf1+ 27. Rxf1 Qg8 28. Nd6 Be7 29. Qf2 Rf8 30. Qg3 Rxf1+ 31. Bxf1 Bxd6 32. exd6 Qg7 33. Qe5 Bd7 34. Bc4 b6 35. b4 h6 36. Kg2 Kh7 37. Kg3 Kh8 38. Kh4 Kh7 39. Bd3+ Kg8 40. Qxg7+ Kxg7 41. Be2 Kf6 42. Bxg4 Bxg4 43. Kxg4 Ke6 44. Kh5 Kxd6 45. Kxh6 Kd5 46. h4 Kxd4 47. Kg6 c5 48. bxc5 bxc5 49. h5 c4 50. h6 c3 51. h7 c2 52. h8Q+ Kd3 53. Qh6 Ke2 54. Qc1 Kd3 55. a4 a5 56. Kf5 1-0

[Event "EU-ch U16 Girls"]
[Site "Bratislava"]
[Date "2019.08.10"]
[Round "9"]
[White "Slaba, Andrea"]
[Black "Koksa, Jelena"]
[Result "1-0"]
[WhiteElo "1993"]
[BlackElo "1753"]
[PlyCount "57"]
[EventDate "2019.08.02"]
[EventType "swiss"]
[EventRounds "9"]
[EventCountry "SVK"]
[SourceTitle "CBM 191 Extra"]
[Source "ChessBase"]
[SourceDate "2019.09.30"]
[SourceVersion "1"]
[SourceVersionDate "2019.09.30"]
[SourceQuality "1"]

1. d4 d5 2. c4 c6 3. Nf3 dxc4 4. e3 b5 5. a4 Bb7 6. axb5 cxb5 7. b3 e6 8. bxc4 bxc4 9. Bxc4 Bd6 10. 0-0 Nf6 11. Nbd2 0-0 12. Qe2 Nbd7 13. e4 Be7 14. Bb2 Nb6 15. Bd3 Nfd7 16. Nb3 f5 17. Na5 Rb8 18. Nxb7 Rxb7 19. exf5 exf5 20. Qe6+ Kh8 21. Bxf5 Nc4 22. Qxc4 Rxf5 23. Ba3 Bxa3 24. Rxa3 Nb6 25. Qa2 Qc7 26. Re3 Rb8 27. Rfe1 Rbf8 28. Qb1 h6 29. Nh4 1-0

[Event "EU-ch U16 Girls"]
[Site "Bratislava"]
[Date "2019.08.04"]
[Round "3"]
[White "Adamczyk, Zuzanna"]
[Black "Koksa, Jelena"]
[Result "1/2-1/2"]
[WhiteElo "1911"]
[BlackElo "1753"]
[PlyCount "89"]
[EventDate "2019.08.02"]
[EventType "swiss"]
[EventRounds "9"]
[EventCountry "SVK"]
[SourceTitle "CBM 191 Extra"]
[Source "ChessBase"]
[SourceDate "2019.09.30"]
[SourceVersion "1"]
[SourceVersionDate "2019.09.30"]
[SourceQuality "1"]

1. e4 e5 2. Nf3 Nc6 3. Bb5 Bc5 4. d3 Nge7 5. Nc3 h6 6. Be3 Bb6 7. h3 0-0 8. 0-0 d6 9. Bxb6 axb6 10. d4 exd4 11. Nxd4 Nxd4 12. Qxd4 Nc6 13. Qd2 Bd7 14. f4 f5 15. exf5 Rxf5 16. Bd3 Rf8 17. Rf3 Ne7 18. g4 Bc6 19. Rg3 d5 20. Ne2 Qd6 21. f5 Rae8 22. Qf4 Qc5+ 23. Qd4 Qxd4+ 24. Nxd4 Bd7 25. Nf3 c5 26. Rd1 Bc6 27. c3 Nc8 28. Kf2 Nd6 29. Nd2 Re7 30. Re3 Rfe8 31. Rde1 Kf7 32. Rxe7+ Rxe7 33. Rxe7+ Kxe7 34. Ke3 Kf6 35. Kf4 Nf7 36. h4 b5 37. a3 Ke7 38. Nf3 Kd6 39. b4 b6 40. g5 Bd7 41. Bc2 Be8 42. Bb1 Bd7 43. Bc2 Be8 44. Bb1 Bd7 45. Bc2 1/2-1/2

[Event "EU-chT U18 Girls"]
[Site "Pardubice"]
[Date "2019.07.17"]
[Round "7.2"]
[White "Koksa, Jelena"]
[Black "Malicka, Maria"]
[Result "0-1"]
[WhiteElo "1781"]
[BlackElo "2115"]
[PlyCount "110"]
[EventDate "2019.07.11"]
[EventType "team-swiss"]
[EventRounds "7"]
[EventCountry "CZE"]
[SourceTitle "CBM 191 Extra"]
[Source "ChessBase"]
[SourceDate "2019.09.30"]
[SourceVersion "1"]
[SourceVersionDate "2019.09.30"]
[SourceQuality "1"]
[WhiteTeam "Croatia U18 Girls"]
[BlackTeam "Poland U18 Girls II"]
[WhiteTeamCountry "CRO"]
[BlackTeamCountry "CZE"]

1. e4 e5 2. Nf3 Nc6 3. d4 exd4 4. Nxd4 Bc5 5. Nxc6 bxc6 6. Bd3 Qh4 7. 0-0 Nf6 8. Qf3 0-0 9. Bf4 d6 10. h3 Rb8 11. b3 Re8 12. c3 a5 13. Nd2 Be6 14. Bc2 Nd7 15. Bg3 Qg5 16. Bf4 Qf6 17. Qg3 Ne5 18. Kh1 h6 19. Bxe5 dxe5 20. f4 exf4 21. Rxf4 Bd6 22. Rxf6 Bxg3 23. Rf3 Be5 24. Rd1 Red8 25. c4 Kf8 26. Rd3 Rxd3 27. Bxd3 Rd8 28. Nf3 Bc3 29. Bc2 Rxd1+ 30. Bxd1 Ke7 31. Kg1 Kd6 32. Kf2 f5 33. Bc2 f4 34. Ke2 g5 35. Kd3 Bf6 36. Nd4 Bxd4 37. Kxd4 c5+ 38. Kd3 Ke5 39. Bd1 Bf7 40. Be2 Bg6 41. Bf3 Bh7 42. a4 c6 43. g4 fxg3 44. Ke3 Bg6 45. Kd3 Kf4 46. Bg2 h5 47. Bh1 h4 48. Bg2 g4 49. hxg4 Kxg4 50. Ke3 h3 51. Bf3+ Kg5 52. e5 g2 53. Kf2 Kf5 54. Bxc6 Kxe5 55. Bd7 Bf5 0-1

[Event "CRO-chT (Women) 27th"]
[Site "Biograd"]
[Date "2018.09.14"]
[Round "8.44"]
[White "Vujnovic, Patricija"]
[Black "Koksa, Jelena"]
[Result "1-0"]
[WhiteElo "2056"]
[BlackElo "1764"]
[PlyCount "83"]
[EventDate "2018.09.08"]
[EventType "team-tourn"]
[EventRounds "9"]
[EventCountry "CRO"]
[SourceTitle "CBM 186 Extra"]
[Source "ChessBase"]
[SourceDate "2018.08.24"]
[SourceVersion "1"]
[SourceVersionDate "2018.08.24"]
[SourceQuality "1"]
[WhiteTeam "Rijeka Liburnija (W)"]
[BlackTeam "Novo Virje Konaki (W)"]
[WhiteTeamCountry "CRO"]
[BlackTeamCountry "CRO"]

1. d4 d5 2. Bf4 Nf6 3. e3 Bf5 4. c4 e6 5. Nc3 c6 6. Qb3 Qb6 7. c5 Qxb3 8. axb3 Nbd7 9. b4 Nh5 10. Bc7 Be7 11. b5 Bd8 12. Bd6 Be7 13. Bc7 Bd8 14. Bxd8 Kxd8 15. Be2 Nhf6 16. Nf3 Ne4 17. 0-0 Ke7 18. Ra3 Nxc3 19. bxc3 cxb5 20. Bxb5 a6 21. Bxd7 Kxd7 22. Ne5+ Ke7 23. Rb3 Rab8 24. c6 b5 25. Ra3 Rb6 26. Rfa1 f6 27. Nd7 Rxc6 28. Nc5 Ra8 29. Ra5 Rb6 30. Nxa6 Bc2 31. Nc5 Rxa5 32. Rxa5 b4 33. Ra7+ Ke8 34. cxb4 Rxb4 35. h3 e5 36. Ne6 Rb1+ 37. Kh2 Be4 38. Nxg7+ Kf8 39. Ne6+ Kg8 40. Rg7+ Kh8 41. Rf7 Kg8 42. Rf8# 1-0